000 002810000a22000970004500
100 1 _aMorla Asensio, Víctor (1943
245 1 0 _aLas tradiciones del Líbano en el Antiguo Testamento
300 _avol. 57, núm 1 (1999), Páginas 411-440
773 0 _tEstudios Bíblicos
942 _cANA
999 _c50296
_d50296